ბათუმის შოთა რუსთაველის სახელმწიფო უნივერსიტეტის ბიბლიოთეკა

Мастерство переговоров. (ბიბ.ჩანაწერი № 44280)

000 -LEADER
fixed length control field 00818nam a2200253Ia 4500
001 - CONTROL NUMBER
control field 11038
003 - CONTROL NUMBER IDENTIFIER
control field GE_BSU
008 - FIXED-LENGTH DATA ELEMENTS--GENERAL INFORMATION
fixed length control field 181216s||||||||xx |||||||||||||| ||und||
020 ## - INTERNATIONAL STANDARD BOOK NUMBER
International Standard Book Number 9785713314095
040 ## - CATALOGING SOURCE
Transcribing agency GE_BSU
080 ## - UNIVERSAL DECIMAL CLASSIFICATION NUMBER
Universal Decimal Classification number 81'25(075.8)
100 ## - MAIN ENTRY--PERSONAL NAME
Personal name Дубинин,Ю.В.
245 ## - TITLE STATEMENT
Title Мастерство переговоров.
245 ## - TITLE STATEMENT
Remainder of title Учебник для студентов,Обучаюшихся по специальности "международные отношения
250 ## - EDITION STATEMENT
Edition statement 4-е изд, доп.
260 ## - PUBLICATION, DISTRIBUTION, ETC.
Place of publication, distribution, etc. Москва.
260 ## - PUBLICATION, DISTRIBUTION, ETC.
Name of publisher, distributor, etc. международны отношения.
260 ## - PUBLICATION, DISTRIBUTION, ETC.
Date of publication, distribution, etc. 2012.
300 ## - PHYSICAL DESCRIPTION
Extent 320стр,илл,21см.
520 ## - SUMMARY, ETC.
Summary, etc. Мгимо Мид РФ.
653 ## - INDEX TERM--UNCONTROLLED
Uncontrolled term Мастерство переговоров.
942 ## - ADDED ENTRY ELEMENTS (KOHA)
Koha item type წიგნი
ეგზემპლარები
Withdrawn status Lost status Damaged status Not for loan Date acquired Barcode Date last seen Price effective from Koha item type
        2018-12-17 35384 2018-12-17 2018-12-17 წიგნი
        2018-12-17 35385 2018-12-17 2018-12-17 წიგნი